| 000 | 00765cam a22002531 4500 | ||
|---|---|---|---|
| 001 | 24206 | ||
| 003 | BD-RjUL | ||
| 005 | 20211209001024.0 | ||
| 008 | 140312t1916 nyubj 000 0 eng | ||
| 035 | _a(BD-RjUL)24272 | ||
| 035 | _a(OCoLC)397865 | ||
| 040 |
_aDLC _cODaWU _dOCoLC _dDLC _dBD-RjUL _beng |
||
| 041 | _aeng | ||
| 082 | 0 | 4 |
_a942 _bGRS 1916 |
| 100 | 1 |
_aGreen, John Richard, _d1837-1883. _974559 |
|
| 245 | 1 | 2 |
_aA short history of the English people / _cby John Richard Green ... |
| 250 | _aRev. and enl., | ||
| 260 |
_aNew York : _bAmerican Book Company, _cc1916. |
||
| 300 |
_alv, 1040 p. ; _c21 cm. |
||
| 651 | 0 |
_aGreat Britain _xHistory. _974560 |
|
| 700 | 1 |
_aGreen, Alice Stopford, _d1848-1929. _974561 |
|
| 942 |
_2ddc _cBK |
||
| 999 |
_c24206 _d24206 |
||